00250nam a2200097Ia 4500008004000000082001500040100002300055245002400078260004300102300000700145210210b1972 xxu||||| |||| 00| 0 eng d a158.4 JONL aJONES (Charles E). aLife is tremendous! aAllahabadbBetter yourself booksc1972 a84